| 000 | 00408nam a2200157Ia 4500 | ||
|---|---|---|---|
| 005 | 20240807062409.0 | ||
| 008 | 240806s9999||||xx |||||||||||||| ||eng|| | ||
| 041 | _aeng | ||
| 082 |
_a121 _bCHIT |
||
| 100 | _aRoberick M. Chisholm | ||
| 245 | 0 |
_aTheory of knowledge / _cRoberick M. Chisholm |
|
| 260 | _bPrentice-Hall Of India Private Limited New Delhi | ||
| 300 | _a0 | ||
| 650 | _aEducation | ||
| 942 | _cBK | ||
| 999 |
_c17732 _d17732 |
||